| 000 | 01025nac a22002897a 4500 | ||
|---|---|---|---|
| 001 | BR0000971 | ||
| 003 | BR-BrBNA | ||
| 005 | 20240105122344.0 | ||
| 008 | 230509b bl.|||m| |||| 00| 0 por d | ||
| 040 |
_aBR-BrBNA _bpor _cBiblioteca Nacional de Agricultura |
||
| 072 | _aF50 | ||
| 090 | _aF50 BR0000971 | ||
| 100 | 1 | _aPoltronieri, M.C. | |
| 100 | 1 | _aPoltronieri, L.S. | |
| 100 | 1 | _aMuller, N.R.M. | |
| 110 | 1 | _aCentro de Pesquisa Agroflorestal da Amazonia Oriental, Belem, PA (Brasil) | |
| 245 | 1 | _aCaracterizacao e avaliacao preliminar de acessos de jambu (Spilanthes oleracea L.)de diversos municipios do Estado do Para | |
| 260 | 3 |
_aBelem, PA (Brasil): _c1998. |
|
| 300 | _a3 p. | ||
| 490 |
_aPesquisa em Andamento - Centro de Pesquisa Agroflorestal da Amazonia Oriental (Brazil) _vno. 177 _xISSN 0101-5613 |
||
| 650 | _aCompositae | ||
| 650 | _aHortalica Folhosa | ||
| 650 | _aCaracteristicas Agronomicas | ||
| 650 | _aPara | ||
| 909 |
_a202312 _bLúcia Elande _c55 _dLúcia Elande |
||
| 942 |
_2AGRIS _n0 _cMS |
||
| 999 |
_c290592 _d290592 |
||